LEADER 00994nam a2200241 i 4500 001 000000133259 003 CaOOAMICUS 005 20070402000000.0 008 070402s1968 it u000 u ita u 013 $a106278 040 $aSeMil$bita 100 1 $aRenard, Alexandre Charles .$0(OLS)http://semarc/name/17044 245 13$aIl Concilio e le religiose /$cA.-C. Renard. 260 $aTorino-Leumann :$bElle Di Ci,$c1968. 300 $a85 p. ;$c19 cm. 490 0 $aConcilio nella vita ;$v5 650 4$aConcilio Vaticano II <1962-1965> - Ecclesiologia.$0(OLS)http://semarc/subject/3017 830 0$aConcilio nella vita ;$v5.$0(OLS)http://semarc/title/23175 850 $aSeMil 852 $aSeMil$W1$xVenegono$y1$m3G I 183$j87110$B87110$CSeMilBibl$Z2$F123095 $81 961 $aOmaggio: Casiraghi don Ernesto 996 $6245$aIl Concilio e le religiose$9(OLS)http://semarc/title/195420 996 $6260$aTorino-Leumann :$bElle Di Ci$9(OLS)http://semarc/publisher/30113 LEADER 01363nam a2200205 i 4500 001 000000232666 003 CaOOAMICUS 005 20231006082103.0 008 140903s1759 it u000 u lat u 026 $at.um n*e- a.er omau (C) 1759 (R) 040 $aSeMil$bita 100 1 $aEst, Willem Hessels : van,$c.$0(OLS)http://semarc/name/23982 245 10$aCommentaria in epistolas apostolicas, tomus 2. 300 $a[2] p., P. 415-923, [1] p. 500 $aSegn.: 2D-3M8 773 0 $aEst, Willem Hessels : van $tGuilielmi Estii ... In Sacram Scripturam opera omnia tribus tomis distributa, quorum duo primi in omnes B. Pauli, & septem catholicas apostolorum epistolas Commentaria continent; tertius vero in loca praecipua & difficiliora Scripturae adnotationes.. Accedunt etiam Indices concionum & controversiarum, in quibus exhibentur potiora ac selectiora argumenta theologis & Dei verbi praeconibus apprime utilia & necessaria, necnon ejusdem doctissimi viri Orationes theologicae varii argumenti ..$bEditio prima Veneta.$dVenetiis : Ex typis Nicolai Pezzana, 1759.$g2$w()30465 850 $aSeMil 852 $aSeMil$W1$xVenegono$y1$m2Y VI 12 FA$j183012$B183012$CSeMilBibl$Z2$F194017 $8I 996 $6245$aCommentaria in epistolas apostolicas, tomus 2$9(OLS)http://semarc/title/331956